| 000 | 00945cam a22002292 4500 | ||
|---|---|---|---|
| 001 | 0000000973 | ||
| 005 | 20151217151802.0 | ||
| 008 | 070222s xx 000 0 eng d | ||
| 020 |
_a0802839495 : _cKES 2,600 |
||
| 040 |
_aKABU _cKABU |
||
| 050 | 0 |
_aBT375.2 _b.C37 2002 |
|
| 100 | 1 |
_aCapon, Robert Farrar. _@0000107280 |
|
| 245 | 1 | 0 |
_aKingdom, grace, judgement : _bparadox, outrage, and vindication in the parables of Jesus / _cRobert Farrar Capon. |
| 250 | _a[combined ed.] | ||
| 260 |
_aGrand Rapids, Michigan : _bW. B. Eerdmans, _c2002. |
||
| 300 |
_aix, 522 p. : _bill. ; _c23 cm. |
||
| 500 | _aFirst work originally published: The Parables of the kingdom, 1985; 2nd work originally published: The Parables of grace, 1988; 3rd work originally published: The Parables of judgement, 1989. | ||
| 600 | 1 | 0 |
_aJesus Christ _xParables. _@0000149365 |
| 908 | _a070222 | ||
| 950 | _@1 | ||
| 999 |
_c5003 _d5003 |
||